Loading...
Realm of science ( 21 Vols.) :vol.11 atoms,stars and nebulae
| Main Author: | |
|---|---|
| Format: | Printed Book |
| Language: | English |
| Published: |
USA
Touchstone
1972
|
| Subjects: |
| LEADER | 00504nam a2200157 a 4500 | ||
|---|---|---|---|
| 005 | 20151028162300.0 | ||
| 008 | 960221s1955 dcuabcdjdbkoqu001 0deng d | ||
| 003 | ViArRB | ||
| 082 | |a 500 |b L2.11 | ||
| 100 | |a Brown, Stanley. B. |9 26795 | ||
| 245 | |a Realm of science ( 21 Vols.) |b :vol.11 atoms,stars and nebulae | ||
| 653 | |a | ||
| 942 | |c REF |6 _ | ||
| 260 | |a USA |b Touchstone |c 1972 | ||
| 999 | |c 78861 |d 78861 | ||
| 952 | |0 0 |1 0 |2 ddc |4 0 |6 500_L211 |7 0 |9 92098 |a SOS |b SOS |d 2009-08-12 |o 500 L2.11 |p MS003986 |r 2013-06-14 |w 2009-08-12 |y REF | ||